Las deducciones y devoluciones en el IVA

Bibliographic Details
Main Author: Checa Gonzl̀ez, Clemente
Format: Unknown
Language:Spanish
Published: Alcobendas (Madrid) : Edersa, 2007
Subjects:
Online Access:Acceso restringido

MARC

LEADER 00000ny a22000003n 4500
005 20110609134245.0
008 030207s2007 sp r 000 0 spa d
020 |a 9788484940395 
035 |a 1671 
040 |a UZ.DER  |d vLex 
090 |c 616  |d 616 
100 1 |a Checa Gonzl̀ez, Clemente 
245 1 4 |a Las deducciones y devoluciones en el IVA  |h [Recurso electrn̤ico]  |c Clemente Checa Gonzl̀ez 
256 |a Servicio en ln̕ea 
260 |a Alcobendas (Madrid) :   |b Edersa,  |c 2007 
300 |a p. ;  |c cm 
506 1 |a Contenido solo disponible en los productos indicados  |d vLex Global  |d vLex Global (Academic Edition, excluding Law Schools)  |d vLex Global (U.S. Academic Edition, Law Schools)  |d vLex Global (U.S. Academic Edition, excluding Law Schools)  |d vLex Global (Academic Edition, Law Schools) 
650 0 4 |2 Tesauro vLex  |a Tributario 
650 0 4 |2 Tesauro vLex  |a Impuesto sobre el valor aądido 
650 0 4 |2 Tesauro vLex  |a Deuda tributaria 
650 0 4 |2 Tesauro vLex  |a Devolucin̤ de ingresos indevidos 
650 0 4 |2 Tesauro vLex  |a IVA 
650 0 4 |2 Tesauro vLex  |a Deducciones 
740 0 |a vLex Libros (Servicios en ln̕ea) 
856 4 0 |z Acceso restringido  |u http://vlex.com/source/deducciones-devoluciones-iva-1671 
942 |c BOOK 
999 0 |a Law  |b Madrid